000 01026cam a22002651i 4500
003 SA-RiAUC
005 20241119134722.0
008 241117s1988 su g f000 0 ara c
040 _aJO-AmJU
_bara
_cSA-RiAUC
_erda
050 4 _b.H36 1988
082 0 4 _a257.5
090 _a257.5
_bه ا ش
100 1 _aهاشم، محمود محمد.
_eمؤلف.
245 1 2 _aالقضاء ونظام الإثبات في الفقه الإسلامي والأنظمة الوضفية /
_cمحمود محمد هاشم.
264 1 _aالرياض :
_bجامعة الملك سعود، عمادة شؤون المكتبات،
_c1988
300 _a421 صفحة
336 _aنص
_btxt
_2rdacontent
_3كتاب
337 _aبدون وسيط
_bn
_2rdamedia
338 _aمجلد
_bnc
_2rdacarrier
650 7 _aالإثبات (فقه إسلامي)
_2aucsh
650 7 _aالإثبات (قانون)
_2aucsh
650 7 _aالقضاء في الإسلام
_2aucsh
942 _2ddc
_cBOOK
_n0
949 _aSA-JeALM
_d241117
_umohamedma123
_n1
999 _c2527
_d2527